00472 2200181 4500001002100000005001500021035002000036245007300056100002700129250000600156300002800162260003200190082001400222084002000236020001800256990000800274990000800282INLIS00000000000029120190320073609 a0010-03190001081 aSherlock Holmes :bTragedi Ritual Keluarga Musgrave /cHengky Irawan0 aSir Arthur Conan Doyle a1 a84 hlm :bilus ;c18 cm aYogyakarta :bNarasi,c2009 a899.221'3 a899.221'3 SIR s a979-168-165-1 a687 a688